| 000 | 00415nam a22001577a 4500 | ||
|---|---|---|---|
| 999 |
_c258059 _d258058 |
||
| 003 | OSt | ||
| 005 | 20200123123626.0 | ||
| 008 | 200123b xxu||||| |||| 00| 0 eng d | ||
| 020 | _a9780824304478 | ||
| 040 | _cN/A | ||
| 100 | _aArthur .K. Chuo et al | ||
| 245 | _aAnnual Review of Pharmacology and Toxicology | ||
| 250 | _avolume 47,2007 | ||
| 260 |
_aCalifonia _bFriesens Corporations _c2007 |
||
| 942 |
_2lcc _cBK |
||